Proces získavania a výberu zamestnancov na pracovné miesta vo vybranom podniku bakalárska práca

Saved in:
Bibliographic Details
Main Author: Šafár, Marek
Corporate Author: Fakulta podnikového manažmentu EU. Katedra manažmentu
Other Authors: Matkovčíková, Natália, 1982-
Format: Book
Language:Slovak
Published: Bratislava 2024
Tags: Add Tag
No Tags, Be the first to tag this record!

MARC

LEADER 00000nbm a2200000 4500
001 0302016
005 20250210094227.8
041 0 |a slo 
044 |a SK 
245 1 0 |a Proces získavania a výberu zamestnancov na pracovné miesta vo vybranom podniku  |b bakalárska práca  |c Marek Šafár ; školiteľ: Natália Matkovčíková 
264 1 |a Bratislava  |c 2024 
300 |a 58 s. 
100 1 |a Šafár, Marek 
700 1 |a Matkovčíková, Natália, 1982- 
710 2 |a Fakulta podnikového manažmentu EU. Katedra manažmentu